000 00312nam a22001337a 4500
020 _a9789695731963
040 _cNUST
082 _a641.57
_bZAK
100 _aZakir Qureshi
_981010
245 _aMughlai Khanay
260 _aLAHORE;
_b Jahangir Book Depot,
_c2010
650 _aCooking
_981580
942 _2ddc
_cBK
999 _c585960
_d585960